Movies Quiz

Random Movies Quiz

Point Break trivia Quiz Stats

Quiz not verified by Sporcle

Challenge
Share
Tweet
Embed
Score 0/14 Timer 03:00
0 Plays Today
hint answer % Correct
Sport Jonny Utah played in collegefootball
92%
Year the film was released1991
89.7%
Agency Jonny Utah is undercover forFBI
88.2%
The ex-presidents are Nixon, Carter, Johnson and....Reagan
83.1%
Character played by Patrick SwayzeBodhi
79.4%
Actor who plays Angelo Pappas Gary Busey
77.9%
the greatest waves= the_____year stormfifty
76.9%
hint answer % Correct
Surfers use it to wax their boardssexwax
70.9%
'100% pure_______'Adrenaline
69.3%
The college Jonny Utah attendedOhio State
66.2%
Character who teaches Jonny Utah to surfTyler
56.9%
On a stakeout Utah gets Pappas twomeatball subs
54.6%
Real-life rock star, plays a surfer thugAnthony Kiedis
49.3%
'Little hand says it's time____________'to rock and roll
41.4%

You're not logged in!

Compare scores with friends on all Sporcle quizzes.
Join for Free
OR
Log In

You Might Also Like...

Show Comments

Extras

Top Quizzes Today


Score Distribution

Your Account Isn't Verified!

In order to create a playlist on Sporcle, you need to verify the email address you used during registration. Go to your Sporcle Settings to finish the process.

Report this User

Report this user for behavior that violates our Community Guidelines.

Details: